| 000 | nam a22 a 4500 | ||
|---|---|---|---|
| 999 |
_c2995 _d2995 |
||
| 003 | AKMAL | ||
| 005 | 20170519084735.0 | ||
| 008 | 170519s1973 xxu g 000 1 eng d | ||
| 020 | _a0816267367 | ||
| 040 | _aAKMAL | ||
| 082 | _a658.1 PHI | ||
| 090 |
_a658.1 _bPHI |
||
| 100 | 1 |
_aPhilippatos, George C. _96263 |
|
| 245 | 1 | 0 |
_aFinancal management : _btheory and techniques / _c[by] George C. Philippatos. |
| 260 |
_aSan Francisco : _bHolden-Day, _c1973. |
||
| 300 | 0 | 0 |
_axix,661p. : _billus ; _c24cm. |
| 504 | _aIncludes bibliographies. | ||
| 650 | 1 | 0 |
_aCooperations _xFinance. _96264 |
| 650 | 2 | 0 |
_aBusiness enterprises _xFinance _91990 |
| 942 |
_2ddc _cBOOK |
||